Strafrecht in Reaktion auf Systemunrecht: vergleichende Einblicke in Transitionsprozesse = Criminal law in reaction to state crime
| Contributors: | |
|---|---|
| Format: | Print Book |
| Language: | German |
| Published: |
Berlin
Duncker & Humblot
2000-2012
Freiburg i. Br. Max-Planck-Inst. für Ausländisches und Internat. Strafrecht 2000-2012 Freiburg im Breisgau Ed. Iuscrim$vanfangs |
| In: | Year: 2000 |
| Availability in Tübingen: | Present in Tübingen. IFK: S 93 82.2 |
| Check availability: | HBZ Gateway |
| Subito Delivery Service: | Order now. |
| Volumes / Articles: | Show volumes/articles. |
| Keywords: | |
| Parallel Edition: | Electronic
|
MARC
| LEADER | 00000cam a2200000 ca4500 | ||
|---|---|---|---|
| 001 | 1155761707 | ||
| 003 | DE-627 | ||
| 005 | 20260327152218.0 | ||
| 007 | tu | ||
| 008 | 000629m20002012xx ||||| 00| ||ger c | ||
| 016 | 7 | |a 959131019 |2 DE-101 | |
| 035 | |a (DE-627)1155761707 | ||
| 035 | |a (DE-576)085761702 | ||
| 035 | |a (DE-599)DNB959131019 | ||
| 035 | |a (OCoLC)611286910 | ||
| 040 | |a DE-627 |b ger |c DE-627 |e rakwb | ||
| 041 | |a ger | ||
| 082 | 0 | |a 345.02322 | |
| 084 | |a PH 6040 |q DE-208 |2 rvk |0 (DE-625)rvk/136213: | ||
| 245 | 0 | 0 | |a Strafrecht in Reaktion auf Systemunrecht |b vergleichende Einblicke in Transitionsprozesse = Criminal law in reaction to state crime |c hrsg. von Albin Eser ... |
| 246 | 3 | 1 | |a Criminal law in reaction to state crime |
| 264 | 1 | |a Berlin |b Duncker & Humblot |c 2000-2012 | |
| 264 | 1 | |a Freiburg i. Br. |b Max-Planck-Inst. für Ausländisches und Internat. Strafrecht |c 2000-2012 | |
| 264 | 1 | |a Freiburg im Breisgau |b Ed. Iuscrim$vanfangs | |
| 336 | |a Text |b txt |2 rdacontent | ||
| 337 | |a ohne Hilfsmittel zu benutzen |b n |2 rdamedia | ||
| 338 | |a Band |b nc |2 rdacarrier | ||
| 490 | 0 | |a Beiträge und Materialien aus dem Max-Planck-Institut für Ausländisches und Internationales Strafrecht, Freiburg i. Br. |v S 82 | |
| 689 | 0 | 0 | |d s |0 (DE-588)4182661-9 |0 (DE-627)105308781 |0 (DE-576)210013206 |a Staatsorgan |2 gnd |
| 689 | 0 | 1 | |d s |0 (DE-588)4057799-5 |0 (DE-627)10614944X |0 (DE-576)209123745 |a Straftat |2 gnd |
| 689 | 0 | 2 | |d s |0 (DE-588)4175047-0 |0 (DE-627)105367427 |0 (DE-576)209960973 |a Politischer Wandel |2 gnd |
| 689 | 0 | 3 | |d s |0 (DE-588)4061672-1 |0 (DE-627)104106611 |0 (DE-576)209140771 |a Vergangenheitsbewältigung |2 gnd |
| 689 | 0 | 4 | |d s |0 (DE-588)4057803-3 |0 (DE-627)106149431 |0 (DE-576)209123753 |a Strafverfolgung |2 gnd |
| 689 | 0 | 5 | |d s |0 (DE-588)4115712-6 |0 (DE-627)104262664 |0 (DE-576)209495464 |a Rechtsvergleich |2 gnd |
| 689 | 0 | |5 DE-101 | |
| 689 | 1 | 0 | |d s |0 (DE-588)4182661-9 |0 (DE-627)105308781 |0 (DE-576)210013206 |a Staatsorgan |2 gnd |
| 689 | 1 | 1 | |d s |0 (DE-588)4057799-5 |0 (DE-627)10614944X |0 (DE-576)209123745 |a Straftat |2 gnd |
| 689 | 1 | 2 | |d s |0 (DE-588)4057803-3 |0 (DE-627)106149431 |0 (DE-576)209123753 |a Strafverfolgung |2 gnd |
| 689 | 1 | 3 | |d s |0 (DE-588)4115712-6 |0 (DE-627)104262664 |0 (DE-576)209495464 |a Rechtsvergleich |2 gnd |
| 689 | 1 | |5 (DE-627) | |
| 689 | 2 | 0 | |d s |0 (DE-588)4046584-6 |0 (DE-627)106197576 |0 (DE-576)209070137 |a Politisches System |2 gnd |
| 689 | 2 | 1 | |d s |0 (DE-588)4117292-9 |0 (DE-627)105800384 |0 (DE-576)209508728 |a Unrecht |2 gnd |
| 689 | 2 | 2 | |d s |0 (DE-588)4057803-3 |0 (DE-627)106149431 |0 (DE-576)209123753 |a Strafverfolgung |2 gnd |
| 689 | 2 | 3 | |d s |0 (DE-588)4115712-6 |0 (DE-627)104262664 |0 (DE-576)209495464 |a Rechtsvergleich |2 gnd |
| 689 | 2 | |5 (DE-627) | |
| 700 | 1 | |a Eser, Albin |d 1935-2023 |e Hrsg. |0 (DE-588)115865187 |0 (DE-627)077521447 |0 (DE-576)160884861 |4 edt | |
| 776 | 0 | 8 | |i Erscheint auch als |n Online-Ausgabe |t Strafrecht in Reaktion auf Systemunrecht |d Freiburg i. Br. : Max-Planck-Institut für ausländisches und internationales Strafrecht, 2000 |w (DE-627)1738011666 |k Electronic |
| 785 | 0 | 0 | |i Reihe später u.d.T. |a Schriftenreihe des Max-Planck-Instituts für Ausländisches und Internationales Strafrecht : S, Strafrechtliche Forschungsberichte |
| 889 | |w (DE-576)446816639 | ||
| 936 | r | v | |a PH 6040 |b Vergleichendes Strafrecht |k Rechtswissenschaft |k Strafrecht, Strafverfahrensrecht, Kriminologie |k Vergleichendes und ausländisches Straf- und Strafprozessrecht einschliesslich Strafvollzug |k Rechtsvergleich |k Vergleichendes Strafrecht |0 (DE-627)1271793709 |0 (DE-625)rvk/136213: |0 (DE-576)201793709 |
| 951 | |a MC | ||
| ELC | |b 1 | ||
| LOK | |0 000 xxxxxcx a22 zn 4500 | ||
| LOK | |0 001 2484637837 | ||
| LOK | |0 003 DE-627 | ||
| LOK | |0 004 1155761707 | ||
| LOK | |0 005 20020419000000 | ||
| LOK | |0 008 020419||||||||||||||||ger||||||| | ||
| LOK | |0 040 |a DE-21-110 |c DE-627 |d DE-21-110 | ||
| LOK | |0 852 |a DE-21-110 | ||
| LOK | |0 852 1 |c S 93 82.2 |m p |9 00 | ||
| LOK | |0 935 |a k110 | ||
| LOK | |0 938 |k p | ||
| LOK | |0 939 |a 2002-04-19 |b l01 | ||
| ORI | |a WA-MARC-krimdoka001.raw | ||
| SIG | |a IFK: S 93 82.2 | ||
| SPR | |a 1 |t KRI | ||
